Estadísticas para Logotipos de la Marca #5

Haz click aquí para intentar la prueba.

Estadísticas generales

  • Esta prueba ha sido intentada 474 veces
  • La puntuación promedio es 12 de 20

Estadísticas de respuestas

marca% Correcto
Nike
100%
Yahoo
97%
Android
96%
Michelin
95%
Domino's
93%
Skype
91%
New Balance
85%
Rolex
84%
Safari
78%
Dunkin' Donuts
73%
Umbro
64%
iTunes
62%
Under Armor
54%
Pampers
39%
Mr Clean
38%
Kraft
28%
Tostitos
14%
Arby's
12%
Qantas
10%
Klondike
4%

Distribución de puntuación

Porcentaje por número respondido

Porcentaje de gente con cada puntuación

Historial de tus puntuaciones

No has intentado esta prueba.